000
00312nam a2200133Ia 4500
005
20251222142029.0
008
251222s9999||||xx |||||||||||||| ||spa||
082
_a
759.054/P32
100
_a
Payró, Julio E.
245
0
_a
El Impresionismo en la Pintura
250
_a
2a.ed.
264
_b
Columba
942
_c
LIB
999
_c
10914
_d
10914